| Tag |
First Indicator |
Second Indicator |
Subfields |
| LEADER |
00000cam a2200000 a 4500 |
| 001 |
in00001788621 |
| 005 |
20151025105514.0 |
| 008 |
030325s2004 enka b 001 0 eng |
| 010 |
|
|
|a 2003048638
|
| 020 |
|
|
|a 0195166817 (alk. paper)
|
| 020 |
|
|
|a 0195166809 (pbk. : alk. paper)
|
| 035 |
|
|
|a (OCoLC)ocm52040379
|
| 040 |
|
|
|a DLC
|c DLC
|d UtOrBLW
|
| 043 |
|
|
|a n-us---
|
| 049 |
|
|
|a TXAM
|
| 050 |
0 |
0 |
|a E902
|b .C66 2004
|
| 082 |
0 |
0 |
|a 973.931/092
|2 21
|
| 245 |
0 |
0 |
|a Considering the Bush presidency /
|c edited by Gary L. Gregg II, Mark J. Rozell.
|
| 264 |
|
1 |
|a Oxford ;
|a New York :
|b Oxford University Press,
|c 2004.
|
| 300 |
|
|
|a ix, 210 pages :
|b illustrations ;
|c 24 cm.
|
| 336 |
|
|
|a text
|b txt
|2 rdacontent
|
| 337 |
|
|
|a unmediated
|b n
|2 rdamedia
|
| 338 |
|
|
|a volume
|b nc
|2 rdacarrier
|
| 504 |
|
|
|a Includes bibliographical references and index.
|
| 651 |
|
0 |
|a United States
|x Politics and government
|y 2001-2009.
|
| 600 |
1 |
0 |
|a Bush, George W.
|q (George Walker),
|d 1946-
|
| 700 |
1 |
|
|a Gregg, Gary L.,
|d 1967-
|
| 700 |
1 |
|
|a Rozell, Mark J.
|
| 945 |
|
|
|i PromptCat
|
| 948 |
|
|
|a cataloged
|b h
|c 2003/10/15
|d c
|e dmitchel
|f 10:50:20 am
|
| 994 |
|
|
|a 92
|b TXA
|
| 999 |
|
|
|a MARS
|
| 999 |
f |
f |
|s 44c85bdd-7176-3fb7-838d-b0088143a134
|i a0236bde-1774-32ba-8059-ccaae78e9108
|t 0
|
| 952 |
f |
f |
|p ric
|a Texas A&M University
|b Rellis Campus
|c Joint Library Facility
|d Remote Storage
|t 0
|e E902 .C66 2004
|h Library of Congress classification
|i unmediated -- volume
|m A14830736450
|
| 998 |
f |
f |
|a E902 .C66 2004
|t 0
|l Remote Storage
|